[Event "GER-chT U12"]
[Site "Seifhennersdorf"]
[Date "2001.12.29"]
[Round "5.3"]
[White "Laake, Jasmin Maria"]
[Black "Sonder, Adrian"]
[Result "1-0"]
[WhiteElo "1312"]
[BlackElo "800"]
[PlyCount "41"]
[EventDate "2001.12.27"]
[EventType "team"]
[EventRounds "7"]
[EventCountry "GER"]
[SourceTitle "EXT 2003"]
[Source "ChessBase"]
[SourceDate "2002.11.25"]
[SourceVersion "1"]
[SourceVersionDate "2002.11.25"]
[SourceQuality "1"]

1. e4 e5 2. Nf3 Nc6 3. Bb5 d6 4. 0-0 Nf6 5. Re1 Bd7 6. c3 a6 7. Ba4 d5 8. exd5 Nxd5 9. d4 f6 10. dxe5 Nde7 11. Bf4 Bg4 12. Nbd2 Qd5 13. Qc2 Ng6 14. exf6+ Kf7 15. Bb3 Rd8 16. Qe4 Nxf4 17. Bxd5+ Nxd5 18. Qxg4 Rd6 19. Ng5+ Kg6 20. Nge4+ Kh6 21. Qg5# 1-0